000 00479nam a2200157Ia 4500
008 210210b1979 xxu||||| |||| 00| 0 eng d
020 _a0 553 13224 5
082 _a796.48 MCWG
100 _aMCWHIRTER (Norris), Ed.
245 _aGuinness books of Olympic records plus the 1980 winter & summer Olympics schedule.
260 _aNew York.
_bantam Books.,
_c1979
300 _a278
650 _aGuinness Olympic Records
690 _aAthletic & Outdoor Sport
906 _a03485
999 _c85453
_d85453